000 00307nam a22001337a 4500
008 170524b xxu||||| |||| 00| 0 eng d
020 _a0132776820
041 _aeng
080 _a621.3
100 _a26
101 _aIM
245 _aENGINEERING APPLICATIONS OF MICROCOMPUTERS
_cBALL, R
942 _2udc
_cBK
999 _c14119
_d14119